000 00604nam a2200241 a 4500
001 nice12345678
003 IN_TiNIC
005 20260116011506.0
008 050524s1925 kana grp 000 0 urd
020 _a
_c100
082 0 0 _a297.1247
_bSAN
100 _aSanaani, Raziuddin Hasan
245 _aMashariqul Anwaar (tr.Into Urdu as Tohfatul Akhyar)
260 _aKanpur
_bQaiyoom Press
_c1925
300 _a400p
500 _aincludes index and biblioraphy
505 2 _aIndex
650 _aHadith
700 1 _aSanaani, Raziuddin Hasan
902 _bSRS
942 _cBK
999 _c2016
_d2016